000 00812nam a22001937a 4500
005 20220524110121.0
008 220524b ||||| |||| 00| 0 eng d
040 _cAL
041 _aEnglish
082 _223
_a355.425
_bTHAG
100 _aCharles W Thayer
_938686
245 _aGuerrilla
260 _aNew York
_bThe new American Library
_c1963
300 _a175 p.
_bPB
_c18x10 cm.
520 _a COVERS PRETTY WELL THE WHOLE RANGE OF IRREGULAR OPERATIONS GUERRILLA MOVEMENT DURING THE POSTWAR YEARS-THE CHARACTER OF ITS LEADERSHIP, AND THE CAUSE FOR WHICH IT FIGHTS, AS WELL AS SOME OF THE OTHER PECULIARITIES AND REQUIREMENTS OF UNCONVENTIONAL WARFARE, AND ANALYZES ITS CAPABILITIES AND VULNERABILITIES.
650 _aGuerrilla warfare
_938687
700 _aTHAYER (Charles W)
_938688
942 _2ddc
_cGF
999 _c223079
_d223079